000 00404nam a2200181Ia 4500
003 0100
008 130303s9999 xx 000 0 und d
040 _cARRUPELIB
050 _aD16.8.D65 1965
100 _aDonagan, Alan
245 _aPhilosophy of History
260 _aNY
260 _bThe Macmillan Company Inc
260 _C1965
300 _a115p
700 _aDonagan, Barbara
942 0 0 _02
999 _c40120
_d40120